<?xml version="1.0" encoding="UTF-8"?>
<record
    xmlns:xsi="http://www.w3.org/2001/XMLSchema-instance"
    xsi:schemaLocation="http://www.loc.gov/MARC21/slim http://www.loc.gov/standards/marcxml/schema/MARC21slim.xsd"
    xmlns="http://www.loc.gov/MARC21/slim">

  <leader>00853nas a2200241 454500</leader>
  <controlfield tag="001">13200</controlfield>
  <controlfield tag="005">20260407193504.0</controlfield>
  <controlfield tag="008">260407s1976####ag###########|||spa#d</controlfield>
  <controlfield tag="003">AR-UNSa-BCEJYS</controlfield>
  <datafield tag="040" ind1=" " ind2=" ">
    <subfield code="a">AR-UNSa-BCEJYS</subfield>
    <subfield code="b">spa</subfield>
    <subfield code="c">AR-UNSa-BCEJYS</subfield>
  </datafield>
  <datafield tag="080" ind1=" " ind2=" ">
    <subfield code="a">314</subfield>
    <subfield code="x">Demograf&#xED;a. Estudios de poblaci&#xF3;n </subfield>
  </datafield>
  <datafield tag="245" ind1="1" ind2="0">
    <subfield code="a">Demograf&#xED;a y econom&#xED;a</subfield>
  </datafield>
  <datafield tag="264" ind1=" " ind2="1">
    <subfield code="a">M&#xE9;xico :</subfield>
    <subfield code="b">El Colegio de M&#xE9;xico</subfield>
    <subfield code="c">1976</subfield>
  </datafield>
  <datafield tag="310" ind1=" " ind2=" ">
    <subfield code="a">Frecuencia: Cuatrimestral
A partir del a&#xF1;o 1980 la frecuencia es Trimestral
Colecci&#xF3;n Cerrada</subfield>
  </datafield>
  <datafield tag="942" ind1=" " ind2=" ">
    <subfield code="c">SER</subfield>
  </datafield>
  <datafield tag="590" ind1=" " ind2=" ">
    <subfield code="a">niveau_biblio:s niveau_hierar:1</subfield>
  </datafield>
  <datafield tag="100" ind1="1" ind2=" ">
    <subfield code="a">El Colegio de M&#xE9;xico</subfield>
  </datafield>
  <datafield tag="650" ind1=" " ind2=" ">
    <subfield code="a">Demograf&#xED;a</subfield>
  </datafield>
  <datafield tag="650" ind1=" " ind2=" ">
    <subfield code="a">Densidad de poblaci&#xF3;n</subfield>
  </datafield>
  <datafield tag="650" ind1=" " ind2=" ">
    <subfield code="a">ECONOMIA</subfield>
  </datafield>
  <datafield tag="650" ind1=" " ind2=" ">
    <subfield code="a">ANALISIS DEMOGRAFICO</subfield>
  </datafield>
  <datafield tag="856" ind1="4" ind2="1">
    <subfield code="u">https://biblioeco.unsa.edu.ar/pmb/images/revistas/Demogracia y Economia.jpg</subfield>
    <subfield code="y">Imagen de portada</subfield>
    <subfield code="q">image/jpeg</subfield>
  </datafield>
  <datafield tag="999" ind1=" " ind2=" ">
    <subfield code="c">8456</subfield>
    <subfield code="d">8456</subfield>
  </datafield>
  <datafield tag="952" ind1=" " ind2=" ">
    <subfield code="0">0</subfield>
    <subfield code="1">0</subfield>
    <subfield code="4">0</subfield>
    <subfield code="7">0</subfield>
    <subfield code="a">BCEJYS</subfield>
    <subfield code="b">BCEJYS</subfield>
    <subfield code="c">17</subfield>
    <subfield code="d">1982-01-01</subfield>
    <subfield code="h">Vol. XVI, N&#xBA; 49 - ene./mar. 1982</subfield>
    <subfield code="l">0</subfield>
    <subfield code="o">H314 DEM 49</subfield>
    <subfield code="p">R06466</subfield>
    <subfield code="r">2026-04-10 16:07:18</subfield>
    <subfield code="w">2026-04-10</subfield>
    <subfield code="y">RN</subfield>
  </datafield>
  <datafield tag="952" ind1=" " ind2=" ">
    <subfield code="0">0</subfield>
    <subfield code="1">0</subfield>
    <subfield code="4">0</subfield>
    <subfield code="7">0</subfield>
    <subfield code="a">BCEJYS</subfield>
    <subfield code="b">BCEJYS</subfield>
    <subfield code="c">17</subfield>
    <subfield code="d">1981-09-01</subfield>
    <subfield code="h">Vol. XV, N&#xBA; 48 - sep./dic. 1981</subfield>
    <subfield code="l">0</subfield>
    <subfield code="o">H314 DEM 48</subfield>
    <subfield code="p">R06463</subfield>
    <subfield code="r">2026-04-10 16:07:18</subfield>
    <subfield code="w">2026-04-10</subfield>
    <subfield code="y">RN</subfield>
  </datafield>
  <datafield tag="952" ind1=" " ind2=" ">
    <subfield code="0">0</subfield>
    <subfield code="1">0</subfield>
    <subfield code="4">0</subfield>
    <subfield code="7">0</subfield>
    <subfield code="a">BCEJYS</subfield>
    <subfield code="b">BCEJYS</subfield>
    <subfield code="c">17</subfield>
    <subfield code="d">1981-09-01</subfield>
    <subfield code="h">Vol. XV, N&#xBA; 48 - sep./dic. 1981</subfield>
    <subfield code="l">0</subfield>
    <subfield code="o">H314 DEM 48 Ej.2</subfield>
    <subfield code="p">R06464</subfield>
    <subfield code="r">2026-04-10 16:07:18</subfield>
    <subfield code="w">2026-04-10</subfield>
    <subfield code="y">RN</subfield>
  </datafield>
  <datafield tag="952" ind1=" " ind2=" ">
    <subfield code="0">0</subfield>
    <subfield code="1">0</subfield>
    <subfield code="4">0</subfield>
    <subfield code="7">0</subfield>
    <subfield code="a">BCEJYS</subfield>
    <subfield code="b">BCEJYS</subfield>
    <subfield code="c">17</subfield>
    <subfield code="d">1981-09-01</subfield>
    <subfield code="h">Vol. XV, N&#xBA; 48 - sep./dic. 1981</subfield>
    <subfield code="l">0</subfield>
    <subfield code="o">H314 DEM 48 Ej.3</subfield>
    <subfield code="p">R06465</subfield>
    <subfield code="r">2026-04-10 16:07:18</subfield>
    <subfield code="w">2026-04-10</subfield>
    <subfield code="y">RN</subfield>
  </datafield>
  <datafield tag="952" ind1=" " ind2=" ">
    <subfield code="0">0</subfield>
    <subfield code="1">0</subfield>
    <subfield code="4">0</subfield>
    <subfield code="7">0</subfield>
    <subfield code="a">BCEJYS</subfield>
    <subfield code="b">BCEJYS</subfield>
    <subfield code="c">17</subfield>
    <subfield code="d">1981-07-01</subfield>
    <subfield code="h">Vol. XV, N&#xBA; 47 - jul./sep. 1981</subfield>
    <subfield code="l">0</subfield>
    <subfield code="o">H314 DEM 47</subfield>
    <subfield code="p">R06461</subfield>
    <subfield code="r">2026-04-10 16:07:18</subfield>
    <subfield code="w">2026-04-10</subfield>
    <subfield code="y">RN</subfield>
  </datafield>
  <datafield tag="952" ind1=" " ind2=" ">
    <subfield code="0">0</subfield>
    <subfield code="1">0</subfield>
    <subfield code="4">0</subfield>
    <subfield code="7">0</subfield>
    <subfield code="a">BCEJYS</subfield>
    <subfield code="b">BCEJYS</subfield>
    <subfield code="c">17</subfield>
    <subfield code="d">1981-07-01</subfield>
    <subfield code="h">Vol. XV, N&#xBA; 47 - jul./sep. 1981</subfield>
    <subfield code="l">0</subfield>
    <subfield code="o">H314 DEM 47 Ej.2</subfield>
    <subfield code="p">R06462</subfield>
    <subfield code="r">2026-04-10 16:07:18</subfield>
    <subfield code="w">2026-04-10</subfield>
    <subfield code="y">RN</subfield>
  </datafield>
  <datafield tag="952" ind1=" " ind2=" ">
    <subfield code="0">0</subfield>
    <subfield code="1">0</subfield>
    <subfield code="4">0</subfield>
    <subfield code="7">0</subfield>
    <subfield code="a">BCEJYS</subfield>
    <subfield code="b">BCEJYS</subfield>
    <subfield code="c">17</subfield>
    <subfield code="d">1981-04-01</subfield>
    <subfield code="h">Vol. XV, N&#xBA; 46 - abr./ jun. 1981</subfield>
    <subfield code="l">0</subfield>
    <subfield code="o">H314 DEM 46</subfield>
    <subfield code="p">R06459</subfield>
    <subfield code="r">2026-04-10 16:07:18</subfield>
    <subfield code="w">2026-04-10</subfield>
    <subfield code="y">RN</subfield>
  </datafield>
  <datafield tag="952" ind1=" " ind2=" ">
    <subfield code="0">0</subfield>
    <subfield code="1">0</subfield>
    <subfield code="4">0</subfield>
    <subfield code="7">0</subfield>
    <subfield code="a">BCEJYS</subfield>
    <subfield code="b">BCEJYS</subfield>
    <subfield code="c">17</subfield>
    <subfield code="d">1981-04-01</subfield>
    <subfield code="h">Vol. XV, N&#xBA; 46 - abr./ jun. 1981</subfield>
    <subfield code="l">0</subfield>
    <subfield code="o">H314 DEM 46 Ej.2</subfield>
    <subfield code="p">R06460</subfield>
    <subfield code="r">2026-04-10 16:07:18</subfield>
    <subfield code="w">2026-04-10</subfield>
    <subfield code="y">RN</subfield>
  </datafield>
  <datafield tag="952" ind1=" " ind2=" ">
    <subfield code="0">0</subfield>
    <subfield code="1">0</subfield>
    <subfield code="4">0</subfield>
    <subfield code="7">0</subfield>
    <subfield code="a">BCEJYS</subfield>
    <subfield code="b">BCEJYS</subfield>
    <subfield code="c">17</subfield>
    <subfield code="d">1981-01-01</subfield>
    <subfield code="h">Vol. XV, N&#xBA; 45 - ene./mar. 1981</subfield>
    <subfield code="l">0</subfield>
    <subfield code="o">H314 DEM 45</subfield>
    <subfield code="p">R06455</subfield>
    <subfield code="r">2026-04-10 16:07:18</subfield>
    <subfield code="w">2026-04-10</subfield>
    <subfield code="y">RN</subfield>
  </datafield>
  <datafield tag="952" ind1=" " ind2=" ">
    <subfield code="0">0</subfield>
    <subfield code="1">0</subfield>
    <subfield code="4">0</subfield>
    <subfield code="7">0</subfield>
    <subfield code="a">BCEJYS</subfield>
    <subfield code="b">BCEJYS</subfield>
    <subfield code="c">17</subfield>
    <subfield code="d">1981-01-01</subfield>
    <subfield code="h">Vol. XV, N&#xBA; 45 - ene./mar. 1981</subfield>
    <subfield code="l">0</subfield>
    <subfield code="o">H314 DEM 45 Ej.2</subfield>
    <subfield code="p">R06457</subfield>
    <subfield code="r">2026-04-10 16:07:18</subfield>
    <subfield code="w">2026-04-10</subfield>
    <subfield code="y">RN</subfield>
  </datafield>
  <datafield tag="952" ind1=" " ind2=" ">
    <subfield code="0">0</subfield>
    <subfield code="1">0</subfield>
    <subfield code="4">0</subfield>
    <subfield code="7">0</subfield>
    <subfield code="a">BCEJYS</subfield>
    <subfield code="b">BCEJYS</subfield>
    <subfield code="c">17</subfield>
    <subfield code="d">1981-01-01</subfield>
    <subfield code="h">Vol. XV, N&#xBA; 45 - ene./mar. 1981</subfield>
    <subfield code="l">0</subfield>
    <subfield code="o">H314 DEM 45 Ej.3</subfield>
    <subfield code="p">R06458</subfield>
    <subfield code="r">2026-04-10 16:07:18</subfield>
    <subfield code="w">2026-04-10</subfield>
    <subfield code="y">RN</subfield>
  </datafield>
  <datafield tag="952" ind1=" " ind2=" ">
    <subfield code="0">0</subfield>
    <subfield code="1">0</subfield>
    <subfield code="4">0</subfield>
    <subfield code="7">0</subfield>
    <subfield code="a">BCEJYS</subfield>
    <subfield code="b">BCEJYS</subfield>
    <subfield code="c">17</subfield>
    <subfield code="d">1980-09-01</subfield>
    <subfield code="h">Vol. XIV, N&#xBA; 44 - sep./dic. 1980</subfield>
    <subfield code="l">0</subfield>
    <subfield code="o">H314 DEM 44</subfield>
    <subfield code="p">R06454</subfield>
    <subfield code="r">2026-04-10 16:07:18</subfield>
    <subfield code="w">2026-04-10</subfield>
    <subfield code="y">RN</subfield>
  </datafield>
  <datafield tag="952" ind1=" " ind2=" ">
    <subfield code="0">0</subfield>
    <subfield code="1">0</subfield>
    <subfield code="4">0</subfield>
    <subfield code="7">0</subfield>
    <subfield code="a">BCEJYS</subfield>
    <subfield code="b">BCEJYS</subfield>
    <subfield code="c">17</subfield>
    <subfield code="d">1980-07-01</subfield>
    <subfield code="h">Vol. XIV, N&#xBA; 43 - jul./sep. 1980</subfield>
    <subfield code="l">0</subfield>
    <subfield code="o">H314 DEM 43</subfield>
    <subfield code="p">R06453</subfield>
    <subfield code="r">2026-04-10 16:07:18</subfield>
    <subfield code="w">2026-04-10</subfield>
    <subfield code="y">RN</subfield>
  </datafield>
  <datafield tag="952" ind1=" " ind2=" ">
    <subfield code="0">0</subfield>
    <subfield code="1">0</subfield>
    <subfield code="4">0</subfield>
    <subfield code="7">0</subfield>
    <subfield code="a">BCEJYS</subfield>
    <subfield code="b">BCEJYS</subfield>
    <subfield code="c">17</subfield>
    <subfield code="d">1980-04-01</subfield>
    <subfield code="h">Vol. XIV, N&#xBA;42 - abr./jun. 1980</subfield>
    <subfield code="l">0</subfield>
    <subfield code="o">H314 DEM 42</subfield>
    <subfield code="p">R06452</subfield>
    <subfield code="r">2026-04-10 16:07:18</subfield>
    <subfield code="w">2026-04-10</subfield>
    <subfield code="y">RN</subfield>
  </datafield>
  <datafield tag="952" ind1=" " ind2=" ">
    <subfield code="0">0</subfield>
    <subfield code="1">0</subfield>
    <subfield code="4">0</subfield>
    <subfield code="7">0</subfield>
    <subfield code="a">BCEJYS</subfield>
    <subfield code="b">BCEJYS</subfield>
    <subfield code="c">17</subfield>
    <subfield code="d">1980-01-01</subfield>
    <subfield code="h">Vol. XIV, N&#xBA; 41 - ene./mar. 1980</subfield>
    <subfield code="l">0</subfield>
    <subfield code="o">H314 DEM 41</subfield>
    <subfield code="p">R06451</subfield>
    <subfield code="r">2026-04-10 16:07:18</subfield>
    <subfield code="w">2026-04-10</subfield>
    <subfield code="y">RN</subfield>
  </datafield>
  <datafield tag="952" ind1=" " ind2=" ">
    <subfield code="0">0</subfield>
    <subfield code="1">0</subfield>
    <subfield code="4">0</subfield>
    <subfield code="7">0</subfield>
    <subfield code="a">BCEJYS</subfield>
    <subfield code="b">BCEJYS</subfield>
    <subfield code="c">17</subfield>
    <subfield code="d">1978-09-01</subfield>
    <subfield code="h">Vol. XII, N&#xBA; 36 - sep./dic. 1978</subfield>
    <subfield code="l">0</subfield>
    <subfield code="o">H314 DEM 36</subfield>
    <subfield code="p">R06450</subfield>
    <subfield code="r">2026-04-10 16:07:18</subfield>
    <subfield code="w">2026-04-10</subfield>
    <subfield code="y">RN</subfield>
  </datafield>
  <datafield tag="952" ind1=" " ind2=" ">
    <subfield code="0">0</subfield>
    <subfield code="1">0</subfield>
    <subfield code="4">0</subfield>
    <subfield code="7">0</subfield>
    <subfield code="a">BCEJYS</subfield>
    <subfield code="b">BCEJYS</subfield>
    <subfield code="c">17</subfield>
    <subfield code="d">1978-05-01</subfield>
    <subfield code="h">Vol. XII, N&#xBA; 35 - mayo/ago. 1978</subfield>
    <subfield code="l">0</subfield>
    <subfield code="o">H314 DEM 35</subfield>
    <subfield code="p">R06449</subfield>
    <subfield code="r">2026-04-10 16:07:18</subfield>
    <subfield code="w">2026-04-10</subfield>
    <subfield code="y">RN</subfield>
  </datafield>
  <datafield tag="952" ind1=" " ind2=" ">
    <subfield code="0">0</subfield>
    <subfield code="1">0</subfield>
    <subfield code="4">0</subfield>
    <subfield code="7">0</subfield>
    <subfield code="a">BCEJYS</subfield>
    <subfield code="b">BCEJYS</subfield>
    <subfield code="c">17</subfield>
    <subfield code="d">1978-01-01</subfield>
    <subfield code="h">Vol. XII, N&#xBA; 34 - ene./abr.1978</subfield>
    <subfield code="l">0</subfield>
    <subfield code="o">H314 DEM 34</subfield>
    <subfield code="p">R06448</subfield>
    <subfield code="r">2026-04-10 16:07:18</subfield>
    <subfield code="w">2026-04-10</subfield>
    <subfield code="y">RN</subfield>
  </datafield>
  <datafield tag="952" ind1=" " ind2=" ">
    <subfield code="0">0</subfield>
    <subfield code="1">0</subfield>
    <subfield code="4">0</subfield>
    <subfield code="7">0</subfield>
    <subfield code="a">BCEJYS</subfield>
    <subfield code="b">BCEJYS</subfield>
    <subfield code="c">17</subfield>
    <subfield code="d">1977-09-01</subfield>
    <subfield code="h">Vol. XI, N&#xBA; 33 - sep./dic. 1977</subfield>
    <subfield code="l">0</subfield>
    <subfield code="o">H314 DEM 33</subfield>
    <subfield code="p">R06447</subfield>
    <subfield code="r">2026-04-10 16:07:18</subfield>
    <subfield code="w">2026-04-10</subfield>
    <subfield code="y">RN</subfield>
  </datafield>
  <datafield tag="952" ind1=" " ind2=" ">
    <subfield code="0">0</subfield>
    <subfield code="1">0</subfield>
    <subfield code="4">0</subfield>
    <subfield code="7">0</subfield>
    <subfield code="a">BCEJYS</subfield>
    <subfield code="b">BCEJYS</subfield>
    <subfield code="c">17</subfield>
    <subfield code="d">1977-05-01</subfield>
    <subfield code="h">Vol. XI, N&#xBA; 32 - mayo/ago. 1977</subfield>
    <subfield code="l">0</subfield>
    <subfield code="o">H314 DEM 32</subfield>
    <subfield code="p">R06446</subfield>
    <subfield code="r">2026-04-10 16:07:18</subfield>
    <subfield code="w">2026-04-10</subfield>
    <subfield code="y">RN</subfield>
  </datafield>
  <datafield tag="952" ind1=" " ind2=" ">
    <subfield code="0">0</subfield>
    <subfield code="1">0</subfield>
    <subfield code="4">0</subfield>
    <subfield code="7">0</subfield>
    <subfield code="a">BCEJYS</subfield>
    <subfield code="b">BCEJYS</subfield>
    <subfield code="c">17</subfield>
    <subfield code="d">1977-01-01</subfield>
    <subfield code="h">Vol. XI, N&#xBA; 31 - ene./abr. 1977</subfield>
    <subfield code="l">0</subfield>
    <subfield code="o">H314 DEM 31</subfield>
    <subfield code="p">R06445</subfield>
    <subfield code="r">2026-04-10 16:07:18</subfield>
    <subfield code="w">2026-04-10</subfield>
    <subfield code="y">RN</subfield>
  </datafield>
  <datafield tag="952" ind1=" " ind2=" ">
    <subfield code="0">0</subfield>
    <subfield code="1">0</subfield>
    <subfield code="4">0</subfield>
    <subfield code="7">0</subfield>
    <subfield code="a">BCEJYS</subfield>
    <subfield code="b">BCEJYS</subfield>
    <subfield code="c">17</subfield>
    <subfield code="d">1976-09-01</subfield>
    <subfield code="h">Vol. X, N&#xBA; 30 - sep./dic. 1976</subfield>
    <subfield code="l">0</subfield>
    <subfield code="o">H314 DEM 30</subfield>
    <subfield code="p">R06444</subfield>
    <subfield code="r">2026-04-10 16:07:18</subfield>
    <subfield code="w">2026-04-10</subfield>
    <subfield code="y">RN</subfield>
  </datafield>
  <datafield tag="952" ind1=" " ind2=" ">
    <subfield code="0">0</subfield>
    <subfield code="1">0</subfield>
    <subfield code="4">0</subfield>
    <subfield code="7">0</subfield>
    <subfield code="a">BCEJYS</subfield>
    <subfield code="b">BCEJYS</subfield>
    <subfield code="c">17</subfield>
    <subfield code="d">1976-05-01</subfield>
    <subfield code="h">Vol. X, N&#xBA; 29 - mayo/ago. 1976</subfield>
    <subfield code="l">0</subfield>
    <subfield code="o">H314 DEM 29</subfield>
    <subfield code="p">R06443</subfield>
    <subfield code="r">2026-04-10 16:07:18</subfield>
    <subfield code="w">2026-04-10</subfield>
    <subfield code="y">RN</subfield>
  </datafield>
  <datafield tag="952" ind1=" " ind2=" ">
    <subfield code="0">0</subfield>
    <subfield code="1">0</subfield>
    <subfield code="4">0</subfield>
    <subfield code="7">0</subfield>
    <subfield code="a">BCEJYS</subfield>
    <subfield code="b">BCEJYS</subfield>
    <subfield code="c">17</subfield>
    <subfield code="d">1976-01-01</subfield>
    <subfield code="h">Vol. X, N&#xBA; 28 - ene./abr. 1976</subfield>
    <subfield code="l">0</subfield>
    <subfield code="o">H314 DEM 28</subfield>
    <subfield code="p">R06348</subfield>
    <subfield code="r">2026-04-10 16:07:18</subfield>
    <subfield code="w">2026-04-10</subfield>
    <subfield code="y">RN</subfield>
  </datafield>
</record>
